000 00328nam a2200145Ia 4500
008 150201s2006 xx 000 0 und d
082 _a618.92
_bP06S
100 _aSINGH,M
245 _aPEDIATRIC CLNICAL METHODS
250 _a3RD
260 _bSAGER
_aDELHI
_c2006
300 _a1-324
650 _aPAEDIATRICS
942 _2ddc
_cBK
999 _c352
_d352